Top 20 Coffee Producing Countries - Statistics

General Stats
  • This quiz has been taken 44 times
  • The average score is 13 of 20
Answer Stats
Answer % Correct
Brazil
95%
Colombia
90%
Mexico
87%
Peru
87%
China
79%
Indonesia
79%
India
74%
Malaysia
69%
Vietnam
69%
Guatemala
64%
Ethiopia
62%
Honduras
56%
Costa Rica
54%
Nicaragua
51%
Thailand
51%
El Salvador
49%
Tanzania
49%
Papua New Guinea
46%
Uganda
41%
Ivory Coast
36%
No matching quizzes found
Score Distribution
Percent of People with Each Score
Percentile by Number Answered
Your Score History
You have not taken this quiz